[Event "70th RUS-ch Women Higher League 2020"]
[Site "Sochi"]
[Date "2020.10.10"]
[Round "3.2"]
[White "Belenkaya, Dina"]
[Black "Grigorieva, Yulia"]
[Result "0-1"]
[WhiteElo "2297"]
[BlackElo "2237"]
[Annotator "TA"]
[PlyCount "124"]
[EventDate "2020.10.08"]
[EventType "swiss"]
[EventCountry "RUS"]
[SourceTitle "playchess.com"]
[Source "ChessBase"]
[SourceQuality "1"]

{[%evp 11,124,4,6,0,0,0,-5,-16,-13,-80,-25,-48,-50,-50,-50,-41,-51,-43,-38,-32,0,0,0,0,20,10,20,20,20,21,27,16,20,8,15,0,0,0,0,0,34,21,43,-13,-11,-8,-7,-16,20,23,20,20,20,16,20,20,23,19,29,24,59,0,0,-8,-8,-334,-314,-341,-335,-562,-295,-295,-295,-320,-295,-295,-295,-293,-291,-295,-295,-309,-319,-329,-312,-412,-413,-414,-399,-397,-380,-391,-373,-604,-570,-558,-551,-487,-462,-773,-779,-745,-676,-1795,-1460,-29992,-29993,-29993,-29994,-29994,-29990,-29990,-29991,-29991,-29992]} 1. e4 c5 2. Nf3 e6 3. b3 Nf6 4. e5 Nd5 5. c4 Nc7 6. Bb2 Nc6 7. Nc3 {B40: Sicilian: 2...e6, Unusual lines.} d5 8. exd6 Bxd6 9. Ne4 {The position is equal.} e5 10. b4 (10. Nxd6+ $11 {remains equal.} Qxd6 11. Nxe5) 10... Ne6 ({Black should play} 10... cxb4 $17 11. c5 Be7) 11. bxc5 Nxc5 12. Nxd6+ Qxd6 13. d4 exd4 14. Nxd4 O-O {Strongly threatening ...Qe7+.} 15. Be2 {[#]} Nxd4 $146 (15... Qg6 {looks sharper.} 16. Nxc6 bxc6 17. O-O Bh3 18. Bf3 Nd3) ({Predecessor:} 15... Qg6 16. Nxc6 bxc6 17. O-O Bh3 18. Bf3 Rad8 19. Qb1 Bf5 20. Qc1 Nd3 21. Qc3 Nxb2 22. Qxb2 {0-1 (56) Canbulan,A (1868)-Salepci,O (2103) Izmir 2013}) 16. Qxd4 Qxd4 17. Bxd4 Ne6 18. Be3 b6 19. a4 Bb7 20. f3 Nc5 21. Ra3 f5 22. Kf2 f4 23. Bd4 Rad8 24. Rd1 Bc6 25. a5 Rfe8 (25... Ba4 $5 {[%cal Ra4d1]} 26. Rd2 Nb3 $11 {[%mdl 64] Double Attack}) 26. Rd2 bxa5 27. Bc3 (27. Ke1 $14 Nb7 28. Bxa7) 27... a4 $11 28. Rxd8 Rxd8 29. Be5 g5 30. Bf6 Rb8 31. Bxg5 Rb3 32. Ra2 Ne6 33. Bf6 Kf7 34. Be5 Re3 35. Bb2 a6 36. g3 ({White should try} 36. Ra3 $14) 36... Rb3 37. Bd1 Rd3 38. Be2 $2 {[%mdl 8192] Now White is beyond hope.} (38. Ke1 $11 {and White stays safe.}) 38... Rd2 $19 39. Ke1 Rc2 40. c5 $2 (40. Kd1 Nd4 41. Bxd4 Rxa2 42. gxf4) 40... a3 41. Rxa3 Rxb2 42. Bxa6 Rxh2 43. gxf4 {Now Bc4 and White clings on.} Nxc5 44. Bc4+ Kf8 45. Ra5 Nd7 ({Not} 45... Bxf3 46. Rxc5 h5 47. Rf5+ Ke7 48. Re5+ Kf6 49. Be2 $11) 46. Be2 Nf6 47. Re5 {intending Re6.} Nd5 48. Bd3 {[#]} Nb4 $1 49. Rf5+ Ke7 50. Re5+ {[#]} Kd6 $1 51. Bf5 Bxf3 52. Re6+ $2 (52. Re3 Bc6 53. Re6+ Kc5 54. Be4) 52... Kd5 {aiming for ...Nd3+.} 53. Re3 {[#]} Bh1 $1 54. Kf1 Kd4 55. Re7 (55. Rg3 $142) 55... h5 56. Kg1 Rh4 57. Bg6 Bd5 58. f5 Nd3 {[%csl Gd5][%cal Rh4h1] Black mates.} 59. Kf1 Rh1+ 60. Ke2 Re1+ 61. Kd2 Rxe7 62. f6 Ra7 {Accuracy: White = 61%, Black = 81%.} 0-1

[Event "70th RUS-ch Women Higher League 2020"]
[Site "Sochi"]
[Date "2020.10.10"]
[Round "3.3"]
[White "Guseva, Marina"]
[Black "Nasyrova, Ekaterina"]
[Result "1-0"]
[WhiteElo "2377"]
[BlackElo "2171"]
[Annotator "TA"]
[PlyCount "83"]
[EventDate "2020.10.08"]
[EventType "swiss"]
[EventCountry "RUS"]
[SourceTitle "playchess.com"]
[Source "ChessBase"]
[SourceQuality "1"]

{[%evp 23,83,12,22,18,17,-16,-10,-48,-25,-75,-23,-28,-13,-80,-81,-73,0,0,-8,-49,-57,-140,-66,-81,-89,-91,-95,-96,35,39,110,9,0,-31,50,0,0,0,0,-71,0,-26,151,126,233,172,300,284,520,447,642,515,860,724,1066,1077,2046,2059,2437,2233,2816,2516]} 1. d4 Nf6 2. c4 g6 3. Nf3 Bg7 4. g3 O-O 5. Bg2 d6 6. O-O Nc6 7. Nc3 a6 8. d5 Na5 9. Nd2 c5 10. Qc2 Bd7 11. b3 b5 12. Bb2 Rb8 13. Nd1 {E66: King's Indian: Fianchetto: 6...c5 7 0-0 Nc6 8 d5.} e5 {[#]} 14. cxb5 $146 ({Predecessor:} 14. Bc3 Nh5 15. e3 f5 16. f4 e4 17. Bxg7 Nxg7 18. Nf2 Nh5 19. Rfe1 Qf6 20. Rab1 Rbe8 {½-½ (38) Wojtyra,S (2365)-Schulz,G (2375) ICCF email 2014}) 14... axb5 15. f4 {The position is equal.} exf4 16. gxf4 b4 (16... Rc8 $17) 17. e4 Qb6 {[#] White must now prevent ...c4+.} 18. Nc4 (18. Kh1 $11) 18... Nxc4 $17 19. bxc4 b3 (19... Nh5 $17) 20. Qc1 $11 Rfe8 21. e5 Nh5 22. exd6 ({Better is} 22. axb3 $15 dxe5 23. fxe5) 22... bxa2 ({Black should play} 22... Bxb2 $17 23. Qxb2 Qxd6) 23. Bxg7 $15 Nxg7 24. Rxa2 Nf5 25. Nf2 {[%cal Bd1f2,Bf2e4,Be4g3][%mdl 32] next Ne4 is good for White.} Nd4 (25... Nxd6 $17 26. Qc3 Bf5) 26. Ne4 $14 {Nf6+ is the strong threat.} Kg7 (26... Qd8 $14) 27. Qa1 (27. Qc3 $16) 27... Bf5 $11 28. Ra6 Qb4 (28... Qb2 $1 $15 29. d7 (29. Nxc5 Re2 $11) 29... Bxd7) 29. Ra4 (29. Nxc5 $5 Qxc5 30. Rc6 $14) 29... Qb2 30. Ng3 Bd3 31. Rf2 (31. Qxb2 $11 Rxb2 32. Rf2 Rb1+ 33. Bf1) 31... Qb3 (31... Qxa1+ $17 32. Rxa1 Bxc4) 32. Bf1 Bb1 $2 (32... Bxf1 $1 $11 33. Nxf1 (33. Rxf1 Re3 $17) 33... Kg8) 33. Ra3 $36 {[%mdl 2048] White has strong initiative.} Qd1 (33... Qb4 $16 34. Ra4 Qb3) 34. Rd3 Qe1 (34... Qg4 $142) 35. Rxd4 $1 $18 cxd4 $2 (35... Ra8 {is a better defense.} 36. Qb2 cxd4 37. Qxd4+ f6) 36. Qxd4+ {White is clearly winning.} Kg8 (36... f6 $142 37. c5 Rf8) 37. c5 {[%cal Bc4c5,Bc5c6][%mdl 32]} Qa5 (37... Rbd8 $142 38. c6 Rxd6) 38. d7 Re1 39. c6 Rc1 40. Re2 {Intending Re8+ and mate.} Qa8 41. Qe3 Rc4 {[#]} 42. Rb2 $1 {[%mdl 512] Accuracy: White = 50%, Black = 24%.} 1-0

[Event "70th RUS-ch Women Higher League 2020"]
[Site "Sochi"]
[Date "2020.10.10"]
[Round "3.4"]
[White "Solozhenkina, Elizaveta"]
[Black "Gritsayeva, Oksana"]
[Result "1/2-1/2"]
[WhiteElo "2301"]
[BlackElo "2373"]
[Annotator "TA"]
[PlyCount "146"]
[EventDate "2020.10.08"]
[EventType "swiss"]
[EventCountry "RUS"]
[SourceTitle "playchess.com"]
[Source "ChessBase"]
[SourceQuality "1"]

{[%evp 16,146,36,27,78,78,88,75,118,94,144,104,124,113,147,172,213,216,193,199,183,169,224,137,143,134,198,190,181,125,145,129,216,139,158,104,114,65,72,11,87,79,214,-176,-180,-291,46,17,53,64,79,-176,-195,-218,-214,-666,-668,-610,-199,-250,-226,-241,-251,-285,-257,-270,-257,-242,-264,-277,-263,-269,-257,-246,-134,-132,245,267,1933,2095,1814,2106,2097,2096,1947,1918,1862,1884,1876,1809,1674,1748,1642,1560,1379,1366,1376,1324,1345,1108,904,862,860,0,844,0,0,0,0,0,0,0,0,0,479,0,0,0,0,0,0,0,0,0,0,0,0,0,0,0,0,0,0]} 1. e4 c5 2. Nf3 d6 3. d4 Nf6 4. Nc3 cxd4 5. Nxd4 a6 6. f3 Nc6 7. Be3 e5 8. Nb3 Be6 9. Qd2 Rc8 {B90: Sicilian Najdorf: Unusual White 6th moves, 6 Be3 Ng4 and 6 Be3 e5.} (9... d5 $11 10. exd5 Nxd5) 10. O-O-O $16 Be7 11. Kb1 O-O {White is better.} 12. g4 {[#]} a5 $146 ({Predecessor:} 12... Kh8 13. h4 Na5 14. h5 Nc4 15. Bxc4 Bxc4 16. g5 Nd7 17. g6 hxg6 18. hxg6+ Kg8 19. Na5 {1-0 (27) Meyer Dunker,P (2017)-Bornschein,B (1971) Berlin 2018}) 13. Bb5 Ra8 14. h4 Qc7 15. h5 h6 16. g5 $1 {[%cal Rg5f6]} hxg5 17. Bxg5 Kh8 18. Rdg1 Nh7 (18... Qd8 {is a better defense.} 19. Qg2 (19. h6 g6 $16) 19... Rg8) 19. Bxe7 Qxe7 20. Nd5 Qd8 (20... Bxd5 $16 21. exd5 a4) 21. a4 Ne7 22. Nxe7 (22. Bd3 $18) 22... Qxe7 23. Nxa5 Rac8 (23... Rfd8 $16 24. Nb3 Rg8) 24. Nb3 Rfd8 25. Rg3 (25. f4 $142) 25... d5 26. exd5 Rxd5 27. Qg2 ({White should try} 27. Qe2 $16) 27... Bf5 (27... f6 $11) 28. Rc1 Qb4 (28... Qf6 $16 {keeps fighting.}) 29. Na1 $4 {[%mdl 8192]} (29. Rxg7 $18 Qf8 30. h6) 29... Rd2 $36 {[%mdl 3072] Black has strong compensation. White is under strong pressure.} 30. Qg1 (30. Rg4 $142 Bxg4 31. Qxg4 Qxg4 32. fxg4) 30... Rg8 $2 {[#]} (30... Nf6 $1 $19 {[%cal Rf6d5]} 31. h6 g6) 31. h6 $1 {[%mdl 512]} g5 (31... gxh6 32. Rxg8#) 32. Qe1 Qd6 33. Nb3 $2 {[%mdl 8192]} (33. Qe3 $16 {keeps the pressure on.}) 33... Bxc2+ $1 {[%mdl 64] Deflection} 34. Rxc2 Rd1+ {[%mdl 64] Double Attack} 35. Rc1 $2 (35. Qxd1 Qxd1+ 36. Nc1) 35... Rxe1 36. Rxe1 Rc8 $2 (36... Qb4 37. Rc1 Qxb3) 37. Rg4 (37. Rgg1 $142) 37... f6 ({Don't do} 37... Qxh6 38. Bd3) 38. Rge4 Nf8 39. R1e2 Qd1+ 40. Ka2 Ne6 41. R4e3 Rd8 42. Re1 Qc2 43. Rc3 Qf2 44. Rec1 Kh7 (44... f5 $19 45. R1c2 Qb6) 45. Bd3+ $17 {[#]} Kh8 $2 {[%mdl 8192]} ({Much weaker is} 45... Kxh6 $6 46. Rh1+ Kg7 47. Rh7+ Kf8 48. Bc4 $11) (45... Rxd3 $1 $17 {[%mdl 512] and life is bright.} 46. Rxd3 Qa7) 46. Bf5 $1 $18 {[%cal Rf5e6]} Re8 $2 (46... Qa7 47. Bxe6 Qxa4+ 48. Kb1 b6) 47. Rc8 Nd8 48. Rd1 Qxf3 49. Rdxd8 {[%cal Rd8e8]} Qxf5 50. Rxe8+ Kh7 51. Rh8+ Kg6 52. Rc7 Qe4 53. Ka3 Qd5 54. Rg7+ Kf5 55. h7 Qd6+ 56. Ka2 Qa6 57. a5 Qc6 58. Ka3 Qd6+ 59. Ka2 {Hoping for Rc8.} Qc6 $1 {[#] intending ...Qa4+.} 60. Rd8 $2 (60. Rxg5+ $1 $18 {[%mdl 512]} fxg5 (60... Kxg5 61. Rg8+) 61. Rf8+ Kg4 62. h8=Q Qa4+ 63. Kb1 Qe4+ 64. Kc1 Qc4+ 65. Kd2 Qxb3 66. Qf6 Qxb2+ 67. Ke1 Qc1+ 68. Kf2 Qd2+ 69. Kg1) 60... Qa4+ $11 61. Kb1 Qe4+ 62. Kc1 Qc4+ $1 63. Kd2 Qb4+ 64. Ke2 Qc4+ $2 {[%mdl 8192] [#]} (64... Qe4+ $11 {and Black has nothing to worry.} 65. Kd1 Qg4+ 66. Kd2 Qb4+ 67. Kd1 Qg4+ 68. Kd2 Qb4+) 65. Ke1 $2 (65. Rd3 $1 $18 e4 {[%mdl 64] Pin} 66. Nd4+ Kg4 67. h8=Q Qxd3+ 68. Ke1 Qg3+ 69. Kf1 Qf4+ 70. Ke2) 65... Qe4+ {The position is equal.} 66. Kd1 Qg4+ $1 67. Ke1 Qe4+ 68. Kd2 Qb4+ 69. Ke3 {Threatens to win with Nd2.} Qxb3+ 70. Rd3 Qb4 71. h8=Q {[%cal Rh8c8]} Qe1+ 72. Kf3 {[%cal Rh8c8]} Qf1+ 73. Ke3 {[%cal Rh8c8]} Qe1+ {[%mdl 64] Double Attack. Accuracy: White = 62%, Black = 54%.} 1/2-1/2

[Event "70th RUS-ch Women Higher League 2020"]
[Site "Sochi"]
[Date "2020.10.10"]
[Round "3.5"]
[White "Potapova, Margarita"]
[Black "Vasilevich, Tatjana"]
[Result "1/2-1/2"]
[WhiteElo "2270"]
[BlackElo "2360"]
[Annotator "TA"]
[PlyCount "125"]
[EventDate "2020.10.08"]
[EventType "swiss"]
[EventCountry "RUS"]
[SourceTitle "playchess.com"]
[Source "ChessBase"]
[SourceQuality "1"]

{[%evp 11,125,56,81,79,83,31,25,26,33,33,33,33,34,34,29,36,35,29,44,43,68,15,22,7,90,80,91,85,82,85,91,14,72,50,83,45,46,44,80,65,75,16,18,-11,28,0,0,0,0,0,0,0,0,0,0,0,0,0,47,-4,0,0,0,0,39,-17,-16,-47,-41,-49,-32,-28,-37,-26,-28,-18,-21,-106,-98,-80,-83,-97,-3,-108,-108,-114,-100,-134,-134,-133,-128,-135,-124,-169,-170,-163,-169,-161,-156,-160,-19,-76,0,0,0,0,0,0,0,0,0,0,0,0,0,0]} 1. d4 Nf6 2. c4 c5 3. d5 b5 4. cxb5 a6 5. bxa6 Bxa6 6. Nc3 Qa5 7. Bd2 {A58: Benko/Volga Gambit: Lines with 5 bxa6.} Qb6 8. Qc2 (8. e4 $16) 8... e6 $14 9. e4 {[#] White has an edge.} exd5 $146 ({Predecessor:} 9... Bxf1 10. Kxf1 Na6 11. Bg5 Nb4 12. Qe2 Be7 13. d6 h6 14. Bxf6 Bxf6 {0-1 (39) Klein,M (1935)-Yuezak,B (1879) ICCF email 2013}) 10. Nxd5 Nxd5 11. exd5 Bd6 12. Bxa6 Qxa6 13. Ne2 O-O 14. Be3 f5 15. g3 $36 {[%mdl 2048] White is pushing.} Qb7 16. Nc3 (16. O-O $14) 16... f4 17. gxf4 Be7 (17... Na6 $11) 18. O-O $16 d6 19. Rfd1 Nd7 20. a4 Nf6 21. Ne4 (21. Bc1 $16) 21... Rfb8 (21... Nxe4 $1 $11 22. Qxe4 Rfe8) 22. Rd2 Qb3 23. Qxb3 Rxb3 24. Nc3 Bd8 25. Re2 Kf7 26. Rd1 ({White should try} 26. f5 $16) 26... Ne8 $11 27. Ne4 h6 28. f5 Rxa4 29. Bf4 Be7 30. Rde1 {Black must now prevent Nxc5!} Rb7 31. Rd1 Rab4 32. Rdd2 R7b6 33. Bg3 Rc4 34. Kg2 Nc7 35. Nc3 ({Better is} 35. b3 $14 Rc1 36. Rd3) 35... Ke8 36. f3 Kd7 37. Re4 Rcb4 38. Rxb4 (38. Na4 $14) 38... Rxb4 39. Kf2 Bg5 {[%mdl 1024] Black has compensation.} 40. Re2 Bf6 41. Ne4 Bd4+ 42. Ke1 Rb6 43. Bf2 Bxb2 44. Rd2 (44. Bxc5 $1 $11 dxc5 45. Nxc5+ Kd6 46. Na4 {[%mdl 64] Double Attack}) 44... Be5 $17 45. Bg3 Bd4 46. Bf2 Nb5 (46... Rb1+ $17 47. Ke2 Nb5) 47. Ke2 (47. Ra2 $11 {remains equal.}) 47... Ra6 48. Bg3 Ra8 49. Bf4 Rf8 50. Ra2 Rxf5 {[#]} 51. Bxd6 $1 {[%mdl 512]} Rxd5 (51... Nxd6 52. Ra7+) 52. Bg3 {intending Kd3.} Nc3+ 53. Nxc3 Bxc3 $19 {[%mdl 4096] Endgame KRB-KRB} 54. Ra6 Bf6 55. Bf4 c4 (55... h5 $17 56. Be3 c4) 56. Bxh6 $1 $11 Re5+ (56... gxh6 $17 57. Rxf6 c3 58. Rf7+ Kc6) 57. Kd1 {The position is equal.} Rf5 {[#]} 58. Bxg7 $1 {[%mdl 512]} Bxg7 59. Ra7+ Kd6 60. Rxg7 Rxf3 61. Rg5 Rh3 62. Kc2 Kc6 63. Rf5 {Accuracy: White = 71%, Black = 72%.} 1/2-1/2

[Event "70th RUS-ch Women Higher League 2020"]
[Site "Sochi"]
[Date "2020.10.10"]
[Round "3.6"]
[White "Kovalevskaya, Ekaterina"]
[Black "Semenova, Elena"]
[Result "1-0"]
[WhiteElo "2384"]
[BlackElo "2284"]
[Annotator "TA"]
[PlyCount "77"]
[EventDate "2020.10.08"]
[EventType "swiss"]
[EventCountry "RUS"]
[SourceTitle "playchess.com"]
[Source "ChessBase"]
[SourceQuality "1"]

{[%evp 19,77,-4,0,6,17,4,25,30,26,-8,0,-49,-56,-94,23,25,25,22,79,75,86,77,104,79,179,127,122,101,122,113,97,100,646,342,294,311,370,281,280,233,602,602,586,576,685,680,712,702,708,547,697,683,1053,1010,1012,957,764,455,453,445]} 1. Nf3 d5 2. g3 Nf6 3. Bg2 e6 4. O-O Be7 5. c4 O-O 6. b3 b6 7. Bb2 c5 8. cxd5 Nxd5 9. d4 Bb7 10. dxc5 Bxc5 11. Nbd2 {A14: English Opening: 1...e6 with b3 by White.} Nd7 12. a3 Rc8 13. e4 {White has an edge.} N5f6 14. Qe2 Be7 {[#]} 15. Rac1 $146 ({Predecessor:} 15. Rfc1 Nc5 16. Ne5 Nfd7 17. b4 Nxe5 18. Bxe5 Nd3 19. Rxc8 Bxc8 20. Bc3 Ba6 21. Rd1 Qc8 22. Nb1 Nf4 23. Qe3 Ne2+ 24. Kh1 Nxc3 25. Nxc3 Rd8 26. Rxd8+ {½-½ (26) Benko,P-Hamann,S Lugano 1968}) 15... Nc5 16. Rfd1 Ba6 (16... Qd3 $17 17. Nd4 e5) 17. Nc4 $11 Qe8 18. Nfd2 Rd8 (18... Qd7 $11) 19. e5 $1 $16 {[%cal Re5f6]} Nd5 {[#]} 20. b4 $1 {[%cal Rb4c5]} Na4 {[#]} 21. Ba1 $1 Rd7 (21... Rc8 $16) 22. Qg4 (22. Ne4 $18) 22... Kh8 23. Ne4 Bxc4 24. Rxc4 {And now Rxd5! would win.} b5 25. Rcc1 a5 $2 {[%mdl 8192] [#] Loses the game.} (25... Nab6 $16) 26. Nd6 $1 {[%mdl 512]} Bxd6 27. exd6 {[%csl Ga1][%cal Rg4g7]} f5 28. Qe2 axb4 29. axb4 $40 {[%mdl 128] White goes for the king.} ({Worse is} 29. Qxb5 Nac3 $11) 29... Rxd6 $2 {[#]} (29... Nab6 30. Re1 (30. Qxb5 Rxd6 31. Qxe8 Rxe8 $16) 30... Qd8 31. Qxb5 (31. Qxe6 Rxd6 32. Qe5 Qd7 $18) 31... Rxd6) 30. Bxg7+ $1 $18 {[%mdl 576] Decoy. White is clearly winning.} Kxg7 31. Qe5+ {[%mdl 64] Double Attack} Kg6 {Strongly threatening ...Qd7.} 32. Qxd6 Ndc3 33. Re1 Rf6 34. Rc2 Qc8 35. Qe5 Qc4 36. Rec1 Qxb4 37. Rxc3 Nxc3 38. Qxc3 Qxc3 39. Rxc3 {Accuracy: White = 63%, Black = 41%.} 1-0

[Event "70th RUS-ch Women Higher League 2020"]
[Site "Sochi"]
[Date "2020.10.10"]
[Round "3.7"]
[White "Mironenko, Galina"]
[Black "Dordzhieva, Dinara"]
[Result "1/2-1/2"]
[WhiteElo "2061"]
[BlackElo "2354"]
[Annotator "TA"]
[PlyCount "100"]
[EventDate "2020.10.08"]
[EventType "swiss"]
[EventCountry "RUS"]
[SourceTitle "playchess.com"]
[Source "ChessBase"]
[SourceQuality "1"]

{[%evp 15,100,0,0,0,0,0,3,5,13,0,0,0,11,0,53,42,97,97,133,81,150,160,164,76,56,31,30,30,30,33,28,-5,12,8,0,0,0,0,0,0,0,0,0,0,10,0,0,0,0,0,0,0,0,0,53,37,65,62,75,67,95,17,15,0,0,0,12,12,14,8,17,0,0,0,0,0,22,0,9,0,29,29,40,21,21,21,21]} 1. e4 c5 2. Nf3 d6 3. d4 cxd4 4. Nxd4 Nf6 5. Nc3 a6 6. g3 e5 7. Nde2 b5 8. Bg2 Nbd7 9. Nd5 {B91: Sicilian Najdorf: 6 g3.} Nxd5 10. Qxd5 Nb6 11. Qd3 Be6 {[#]} 12. Be3 $146 ({Predecessor:} 12. O-O Rc8 13. b3 Be7 14. Be3 O-O 15. a4 bxa4 16. Qxa6 Nd7 17. Qxa4 Rxc2 18. Ra2 {½-½ (81) Nguyen,N (2662)-Le,Q (2699) Al Ain 2015}) 12... Rc8 13. b3 Be7 14. f4 f6 (14... Bg4 $11) 15. a4 $1 $14 Nd7 (15... bxa4 $14 16. Qxa6 Nd7) 16. axb5 $16 axb5 17. Ra7 (17. f5 $142 Bf7 18. Nc3) 17... Rb8 (17... O-O $142) 18. Nc3 Nc5 {[#]} 19. Bxc5 (19. Qd2 $1 $18 {has better winning chances.}) 19... dxc5 20. Qxd8+ Bxd8 21. fxe5 ({Avoid the trap} 21. Rxg7 $2 Ba5 $19) 21... O-O 22. Nd5 fxe5 23. Ne7+ Kh8 24. Nc6 Rc8 25. Ne7 Rc7 26. Rxc7 Bxc7 27. Rf1 Ra8 28. Nd5 Bd6 29. Kd2 Kg8 30. Bf3 c4 31. bxc4 bxc4 32. Rb1 Bc5 33. Be2 Ra4 34. Rb8+ Bf8 ({Black should play} 34... Kf7 $11) 35. Nc3 Rb4 36. Ra8 Kf7 37. Nd5 {Black must now prevent Rxf8+!} c3+ {[%mdl 64] [#] Discovered Attack} 38. Nxc3 (38. Kxc3 $16 Rb7 39. Ra5) 38... Rd4+ $11 39. Bd3 Bb4 40. Ra7+ Rd7 (40... Bd7 {feels hotter.} 41. Rb7 h5 42. Rb6 g6 43. Ra6 Bg4) 41. Rxd7+ Bxd7 {[%mdl 4096] Endgame KBB-KBN} 42. Bc4+ Kf8 43. Kd3 Bh3 44. Ne2 Bf1 45. Ke3 Bc5+ 46. Kd2 (46. Kf3 {with more complications.} h5 47. g4 h4 48. Bd3 Bh3 49. Ng3) 46... Ke7 47. Bd3 Bxe2 48. Kxe2 Kf6 49. c3 h6 50. Kf3 Bb6 {Accuracy: White = 84%, Black = 79%.} 1/2-1/2

[Event "70th RUS-ch Women Higher League 2020"]
[Site "Sochi"]
[Date "2020.10.10"]
[Round "3.8"]
[White "Voit, Daria"]
[Black "Lysenko, Margarita"]
[Result "1-0"]
[WhiteElo "2343"]
[BlackElo "2239"]
[Annotator "TA"]
[PlyCount "87"]
[EventDate "2020.10.08"]
[EventType "swiss"]
[EventCountry "RUS"]
[SourceTitle "playchess.com"]
[Source "ChessBase"]
[SourceQuality "1"]

{[%evp 19,87,32,34,29,50,25,27,14,15,0,8,5,12,5,1,6,17,28,8,14,30,12,15,12,15,18,15,30,118,111,118,122,115,109,181,129,125,113,196,203,252,254,367,244,234,230,354,352,342,330,321,336,334,324,326,321,345,338,510,508,481,482,443,441,629,614,614,614,604,550]} 1. Nf3 Nf6 2. c4 e6 3. g3 a6 4. b3 b5 5. Bg2 Bb7 6. Bb2 c5 7. O-O Be7 8. Nc3 b4 9. Na4 d6 10. d4 cxd4 11. Qxd4 {A13: English Opening: 1...e6.} Nbd7 12. Rfd1 O-O 13. Qd2 {White has an edge.} Rb8 14. Nd4 Bxg2 15. Kxg2 {Strongly threatening Nc6.} Qc7 {[#]} 16. f3 $146 ({Predecessor:} 16. Nf3 Rfd8 17. Rac1 Qb7 18. Qe3 Qe4 19. Qxe4 Nxe4 20. Rd4 f5 21. Rdd1 Kf7 22. Ne1 {1-0 (38) Sunye Neto,J (2473)-Herrera,P (1955) Buenos Aires 2018}) 16... Rfd8 17. Nc2 d5 18. cxd5 Nxd5 {...Qxc2! is the strong threat.} 19. Rac1 Qb7 20. Nd4 {Threatens to win with Nc6.} Rbc8 {[#]} 21. Nf5 $1 {[%mdl 512]} Bf8 {Hoping for ...Rxc1.} (21... exf5 22. Qxd5) 22. Rxc8 Rxc8 {[#]} 23. Bxg7 $1 $40 {[%mdl 640] White threatens Nh6+ and mate. White mounts an attack.} Bxg7 {[#]} (23... exf5 $11 24. Bxf8 (24. Qxd5 Qxd5 25. Rxd5 Kxg7 $11) 24... Rc2 25. Qxd5 Qxd5 26. Rxd5 Nxf8) 24. Nd6 $1 $16 {[%csl LRb7,LRc8][%cal Rd6b7][%mdl 64] Double Attack} Qb8 25. Nxc8 Qxc8 26. e4 N5b6 (26... N5f6 $16 {was called for.}) 27. Nxb6 (27. Rc1 $18 Qe8 28. Qxb4) 27... Nxb6 28. Qxb4 Bf8 {[#]} (28... Bf6 $16) 29. Qd2 $1 $18 {[%cal Rd2g5] And now Qg5+ would win.} Qc5 30. Rc1 Qe5 (30... Qb5 {was necessary.} 31. Rc7 h6) 31. Rc6 Qb5 32. Rc7 {aiming for a4.} Qe5 (32... h6 $142 33. Qe3 Ba3 34. Qxh6 Qe2+ 35. Kh3 Qxf3) 33. Rb7 Bc5 34. Qd8+ Kg7 {[#]} 35. Qc7 $1 Qxc7 36. Rxc7 Bd4 37. Ra7 Kf6 38. f4 ({Don't do} 38. Rxa6 Ke7) 38... Bc5 (38... Nd5 $142) 39. Rxa6 {White is clearly winning.} Ke7 40. a4 {[%cal Ba2a4,Ba4a5][%mdl 32]} Nd7 41. Rc6 Ba7 (41... Bb4 $142 42. Rc4 Bd2) 42. b4 Kd8 43. a5 Nb8 44. Rc4 {Accuracy: White = 87%, Black = 52%.} 1-0

[Event "70th RUS-ch Women Higher League 2020"]
[Site "Sochi"]
[Date "2020.10.10"]
[Round "3.9"]
[White "Bykova, Anastasia"]
[Black "Garifullina, Leya"]
[Result "0-1"]
[WhiteElo "2215"]
[BlackElo "2335"]
[Annotator "TA"]
[PlyCount "80"]
[EventDate "2020.10.08"]
[EventType "swiss"]
[EventCountry "RUS"]
[SourceTitle "playchess.com"]
[Source "ChessBase"]
[SourceQuality "1"]

{[%evp 12,80,20,0,9,8,29,0,18,13,15,0,0,0,0,0,0,0,0,0,0,-24,0,-18,-23,-45,-44,-50,-40,-68,-41,-43,0,-35,-39,-47,-30,-113,-102,-118,-131,-109,-114,-270,-263,-259,-216,-250,-215,-268,-64,-488,-478,-430,-487,-545,-524,-781,-774,-764,-739,-697,-582,-669,-663,-658,-657,-680,-678,-29996,-29997]} 1. e4 c5 2. Nf3 d6 3. d4 cxd4 4. Nxd4 Nf6 5. Nc3 a6 6. h3 e5 7. Nb3 Be6 {B90: Sicilian Najdorf: Unusual White 6th moves, 6 Be3 Ng4 and 6 Be3 e5.} 8. f4 {The main line 8.f4 scores better than 8.Be3.} g6 9. Be2 Nbd7 $1 {The position is equal.} 10. O-O Rc8 11. f5 gxf5 12. exf5 {[#]} Qb6+ $146 ({Predecessor:} 12... Bc4 13. Bxc4 Rxc4 14. Qd3 Qc7 15. Be3 Rg8 16. Rf2 Rh4 17. Kf1 Qc6 18. Na5 Qc7 {0-1 (40) Gharamian,T (2626)-Rodshtein,M (2698) Chartres 2017}) 13. Kh2 Bc4 $1 14. Bxc4 Rxc4 15. Qe2 Qc7 16. Nd2 Rc6 17. Nde4 {next Nxf6+ is good for White.} Rg8 18. Bf4 Rc4 19. Nxf6+ Nxf6 20. Bg3 Be7 $36 {[%mdl 2048] Black is pushing.} 21. Rad1 Rb4 22. Nd5 Nxd5 23. Rxd5 Rxb2 24. f6 {White is on the road to losing.} (24. Rd2 $11 {keeps the balance.}) 24... Rxc2 $17 25. Rd2 {[#]} Rxd2 $1 26. Qxd2 {Black must now prevent Rc1.} Bd8 27. h4 $2 (27. Rc1 $17 Qd7 28. Rd1 Bxf6 29. Qxd6 Qxd6 30. Rxd6) 27... Qd7 28. Rf3 e4 29. Rb3 d5 30. Qf4 {White hopes to continue with Qb8.} b5 $2 {[#]} ({Black should play} 30... Qc8 $19 {And now ...b6 would win.} 31. Qe5+ Qe6 32. Rxb7 Qxe5 33. Bxe5 Rg6) 31. h5 $2 {[%mdl 8192]} (31. a4 $1 $15 {[%mdl 512]}) 31... Qg4 $19 32. Qe5+ Qe6 33. Qb8 Qxf6 34. Qa8 Rg5 35. Bh4 Rxh5 36. g3 Qd6 37. Kg2 f6 38. Rc3 Rf5 39. Rc6 Qa3 {( -> ...Qf3+)} 40. Rxa6 Qf3+ {Accuracy: White = 55%, Black = 83%.} 0-1